| 000 | 00316cam a2200121ua 4500 | ||
|---|---|---|---|
| 082 |
_a631.5871 _bPRI/FU |
||
| 100 |
_aPriyani, V.B . _91801 |
||
| 245 | _aFundamental Principles of Irrigation Engineering / | ||
| 250 | _a5 / | ||
| 260 |
_aNew Delhi : _bCharotar Book Stall , _c1962. |
||
| 300 | _a474 ; . | ||
| 942 | _cBK | ||
| 999 |
_c1305 _d1305 |
||